Diseño de sistema de alcantarillado sanitario y planta de tratamiento en la localidad de Tonalá, cabecera municipal de puerto Morazán, Chinandega

Presenta el diseño de sistema de alcantarillado sanitario y planta de tratamiento en la localidad de Tonalá, cabecera municipal de puerto Morazán, Chinandega, el cual presenta un estudio de la población, un levantamiento topográfico del área y la selección y diseño del sistema de tratamiento...

Full description

Bibliographic Details
Main Authors: López Bermúdez, Gema Gisselle, Santamaría Sánchez, Francisco Noel
Other Authors: Tutor: Baldizón Aguilar, María Elena
Format: Tesis Section = Libro
Language:Undetermined
Spanish
Published: Managua UNI 2014
Subjects:
LEADER 01305nam a2200289Ia 4500
008 240830s9999 xx 000 0 und d
040 |a BIBLIOTECA-RUPAP Mon 628.2 L864 
041 |a spa 
082 |a Mon 628.2 L864 
100 1 |a López Bermúdez, Gema Gisselle 
100 1 |b  Santamaría Sánchez, Francisco Noel 
245 1 0 |a Diseño de sistema de alcantarillado sanitario y planta de tratamiento en la localidad de Tonalá, cabecera municipal de puerto Morazán, Chinandega 
260 |a Managua  |b UNI  |c 2014 
300 |a 97 p. :il. 
500 |a Contiene: anexos. 
502 |a Tesis (Ingeniero Civil)- UNI, 2014. 
520 3 |a Presenta el diseño de sistema de alcantarillado sanitario y planta de tratamiento en la localidad de Tonalá, cabecera municipal de puerto Morazán, Chinandega, el cual presenta un estudio de la población, un levantamiento topográfico del área y la selección y diseño del sistema de tratamiento. 
650 7 |a ALCANTARILLADO SANITARIO 
650 7 |b INGENIERIA SANITARIA 
650 7 |c TRATAMIENTO DE AGUAS RESIDUALES 
650 7 |d AGUAS RESIDUALES 
650 7 |e OBRAS HIDRAULICAS 
650 7 |f PLANTA PARA TRATAMIENTO DE AGUAS RESIDUALES 
700 1 |a Tutor:  |b Baldizón Aguilar, María Elena 
942 |c BK  |2 ddc 
991 |a TESIS 
999 |c 16315